| 000 | 00410cam a2200169ua 4500 | ||
|---|---|---|---|
| 001 | 4275 | ||
| 008 | 151112n1989 II |||gr||||Z||||||eng | ||
| 040 | _aMAIN | ||
| 041 | _aEnglish | ||
| 082 | _a640 KAY | ||
| 100 | _aKAYE, A. M. | ||
| 245 | _aA STUDENTS HANDBOOK OF HOUSEWIFERY | ||
| 260 |
_aNEW DELHI _bKALYANI PUBLISHERS _c1989 |
||
| 300 |
_a356.: _c20CM. |
||
| 653 | _aHome & family management | ||
| 942 | _cBK | ||
| 999 |
_c4262 _d4262 |
||